000 00923nam a2200265Ia 4500
003 OSt
005 20221005105300.0
006 a|||||r|||| 00| 0
007 ta
008 221004b |||||||| |||| 00| 0 hin d
020 _a9788170168898 (hbk)
_c695
024 _a20103
037 _b24018, 27/03/2015, Kitab Ghar
_cTextual
040 _aCRL
_cCRL
_bhin
041 _2hin
_ahin
082 _aP152:(X:8M), Q3
100 _aवार्ष्णेय, रश्मि
245 0 _aराजभाषाषा हिन्दी 2020
246 _aRājabhāṣhāṣhā hindī 2020
260 _aनई दिल्ली
_bकिताबघर भारत
_c2013
300 _a344पृ0
_ccm.
650 _aहिन्दी भाषा
942 _hP152:(X:8M), Q3
_cTEXL
_2cc
999 _c1015357
_d1015357